How to lead small groups / (Record no. 9355)
[ view plain ]
| 000 -LEADER | |
|---|---|
| fixed length control field | 01029cam a2200277Ia 4500 |
| 001 - CONTROL NUMBER | |
| control field | 22962513 |
| 003 - CONTROL NUMBER IDENTIFIER | |
| control field | OCoLC |
| 005 - DATE AND TIME OF LATEST TRANSACTION | |
| control field | 20210112164848.0 |
| 008 - FIXED-LENGTH DATA ELEMENTS--GENERAL INFORMATION | |
| fixed length control field | 910114s1990 cou 000 0 eng d |
| 010 ## - LIBRARY OF CONGRESS CONTROL NUMBER | |
| LC control number | 90061778 |
| 020 ## - INTERNATIONAL STANDARD BOOK NUMBER | |
| International Standard Book Number | 0891093036 (pbk.) |
| 020 ## - INTERNATIONAL STANDARD BOOK NUMBER | |
| International Standard Book Number | 9780891093039 (pbk.) |
| 035 ## - SYSTEM CONTROL NUMBER | |
| System control number | (OCoLC)22962513 |
| 040 ## - CATALOGING SOURCE | |
| Original cataloging agency | PRP |
| Language of cataloging | eng |
| Transcribing agency | PRP |
| Modifying agency | DPL |
| -- | MUQ |
| -- | BAKER |
| -- | YDXCP |
| -- | HNW |
| -- | OKR |
| -- | OCLCQ |
| -- | BDX |
| -- | OCLCQ |
| -- | OCLCF |
| -- | P4I |
| -- | CFT |
| 050 14 - LIBRARY OF CONGRESS CALL NUMBER | |
| Classification number | BV652.2 |
| Item number | .M12 |
| 082 04 - DEWEY DECIMAL CLASSIFICATION NUMBER | |
| Classification number | 253.7 |
| 092 0# - LOCALLY ASSIGNED DEWEY CALL NUMBER (OCLC) | |
| Classification number | 253.7 |
| Item number | M1195 |
| 100 1# - MAIN ENTRY--PERSONAL NAME | |
| Personal name | McBride, Neal. |
| 245 10 - TITLE STATEMENT | |
| Title | How to lead small groups / |
| Statement of responsibility, etc. | Neal F. McBride. |
| 260 ## - PUBLICATION, DISTRIBUTION, ETC. | |
| Place of publication, distribution, etc. | Colorado Springs, Colo. : |
| Name of publisher, distributor, etc. | NavPress, |
| Date of publication, distribution, etc. | c1990. |
| 300 ## - PHYSICAL DESCRIPTION | |
| Extent | 141 p. ; |
| Dimensions | 21 cm. |
| 504 ## - BIBLIOGRAPHY, ETC. NOTE | |
| Bibliography, etc. note | Includes bibliographical references. |
| 505 0# - FORMATTED CONTENTS NOTE | |
| Formatted contents note | The biblical foundations for small groups -- Seeing yourself as a group leader -- Understanding your group's development -- Knowing your group -- Leading your group -- Handling your group's difficulties -- Evaluating your group. |
| 650 #0 - SUBJECT ADDED ENTRY--TOPICAL TERM | |
| Topical term or geographic name entry element | Church group work. |
| 942 ## - ADDED ENTRY ELEMENTS (KOHA) | |
| Source of classification or shelving scheme | Dewey Decimal Classification |
| Koha item type | Books |
| Withdrawn status | Lost status | Source of classification or shelving scheme | Damaged status | Not for loan | Collection code | Home library | Current library | Shelving location | Date acquired | Total Checkouts | Full call number | Barcode | Date last seen | Price effective from | Koha item type |
|---|---|---|---|---|---|---|---|---|---|---|---|---|---|---|---|
| Dewey Decimal Classification | Non-fiction | Harvest Mission College | Harvest Mission College | General Stacks | 15.01.2021 | 253.7 M478H | 010552 | 15.01.2021 | 15.01.2021 | Books | |||||
| Dewey Decimal Classification | Non-fiction | Harvest Mission College | Harvest Mission College | General Stacks | 19.01.2021 | 253.7 M478H | 010680 | 19.01.2021 | 19.01.2021 | Books |
